10 pays ayant le plus d'échanges économique avec la France - Statistiques

Statistiques générales
  • Ce quiz a été pris 84 fois
  • Le résultat moyen est 4 sur 10
Answers on the Grid
Answers color-coded by a green-red scale on the quiz's grid according to % correct below.
Afrique du sud
Algérie
Allemagne
Argentine
Australie
Belgique
Brésil
Canada
Chine
Colombie
Coree du sud
Espagne
Inde
Indonesie
Italie
Japon
Maroc
Mexique
Pays bas
Pologne
Portugal
Qatar
Royaume Uni
Russie
Suisse
Taiwan
Tunisie
Turquie
Usa
Viet nam
 
Statistiques - réponses
Réponse % Correct
Allemagne
84%
Belgique
55%
Espagne
50%
Chine
48%
Italie
45%
Royaume Uni
43%
Usa
31%
Pays bas
26%
Suisse
19%
Pologne
5%
Aucun quiz correspondant
Distribution des résultats
% des personnes avec chaque résultat
Percentile par nombre de réponses
Votre historique - résultats
Vous n’avez pas pris ce quiz